[Event "Pere Noel"]
[Site "Montreal CAN"]
[Date "2018.12.27"]
[Round "2.11"]
[White "Weston, Paul"]
[Black "Ghanbari, Nader Hadji"]
[Result "1-0"]
[WhiteElo "1876"]
[BlackElo "1969"]
[PlyCount "91"]
[EventDate "2018.12.26"]
[EventType "swiss"]
[EventRounds "5"]
[EventCountry "CAN"]

1. e4 c5 2. Nf3 e6 3. d3 Nc6 4. g3 g6 5. Bg2 d6 6. Nc3 Bg7 7. Be3 Nge7 8. O-O
Rb8 9. Qd2 Nd4 10. Ne1 O-O 11. Nd1 b5 12. c3 Ndc6 13. d4 cxd4 14. cxd4 b4 15.
d5 exd5 16. exd5 Ne5 17. Bxa7 Ra8 18. Bd4 Ba6 19. Bxe5 Bxe5 20. Nd3 Qb6 21.
Nxe5 Bxf1 22. Nd7 Qb7 23. Nf6+ Kg7 24. Bxf1 Ng8 25. Nxg8 Rxg8 26. Qd4+ f6 27.
Bh3 Rgb8 28. Ne3 Qa7 29. Qg4 Qc7 30. Qd7+ Qxd7 31. Bxd7 Ra5 32. Be6 Rc5 33. a4
bxa3 34. bxa3 Rb6 35. a4 Ra6 36. Rb1 Rc7 37. Rb8 Rc1+ 38. Kg2 Ra1 39. Rd8 Ra5
40. Rxd6 Rc5 41. Rd7+ Kh6 42. h4 f5 43. g4 fxg4 44. Nxg4+ Kh5 45. Nf6+ Kxh4 46.
Rxh7+ 1-0

[Event "Pere Noel"]
[Site "Montreal CAN"]
[Date "2018.12.27"]
[Round "2.13"]
[White "Mercure, Gilbert"]
[Black "Abdelaal, Ibrahim"]
[Result "0-1"]
[WhiteElo "1944"]
[BlackElo "2018"]
[PlyCount "112"]
[EventDate "2018.12.26"]
[EventType "swiss"]
[EventRounds "5"]
[EventCountry "CAN"]

1. e4 d5 2. exd5 Nf6 3. Bb5+ Bd7 4. Be2 Nxd5 5. Nf3 Bg4 6. d4 e6 7. O-O Be7 8.
a3 O-O 9. c4 Nf6 10. Nc3 c5 11. d5 exd5 12. cxd5 Bd6 13. Bg5 Nbd7 14. Qb3 Re8
15. Rfe1 h6 16. Bh4 a6 17. a4 Qc7 18. Bg3 Bxg3 19. hxg3 Ne4 20. Nxe4 Rxe4 21.
Bd3 Rb4 22. Qc3 Bxf3 23. gxf3 Nf6 24. Bc4 Rd8 25. Rad1 Rxa4 26. b3 Rb4 27. Kg2
b5 28. d6 Rxd6 29. Qe5 Rc6 30. Qxc7 Rxc7 31. Rd8+ Kh7 32. Bd3+ g6 33. Rd6 Kg7
34. Bc2 c4 35. bxc4 Rbxc4 36. Bd3 R4c6 37. Rd8 Ra7 38. Ra1 Rb6 39. Be2 b4 40.
Rd2 a5 41. Ra4 b3 42. Rb2 Nd7 43. Bd1 Nc5 44. Rc4 Rb5 45. Be2 a4 46. Rc1 Rba5
47. Bc4 a3 48. Rxb3 Nxb3 49. Bxb3 Rb5 50. Ba2 Rb2 51. Ra1 Rd7 52. Bc4 Rd4 53.
Bf1 a2 54. g4 Rdd2 55. Bc4 Rxf2+ 56. Kg3 g5 0-1

[Event "Pere Noel"]
[Site "Montreal CAN"]
[Date "2018.12.27"]
[Round "2.15"]
[White "Craciun, David"]
[Black "Fareh, Youness"]
[Result "1-0"]
[WhiteElo "1955"]
[BlackElo "1978"]
[PlyCount "77"]
[EventDate "2018.12.26"]
[EventType "swiss"]
[EventRounds "5"]
[EventCountry "CAN"]

1. d4 Nf6 2. Bg5 g6 3. Nc3 Bg7 4. e4 d6 5. Qd2 a5 6. Nf3 Na6 7. Bh6 Bxh6 8.
Qxh6 e6 9. Bc4 Ng8 10. Qe3 c6 11. a4 Nb4 12. Bb3 Qe7 13. O-O Bd7 14. Ne2 h5 15.
c3 Na6 16. Nc1 Nh6 17. h3 f6 18. Nd3 g5 19. Nd2 d5 20. Rfe1 g4 21. h4 O-O-O 22.
Nf4 Qf7 23. c4 Rde8 24. Qc3 Kb8 25. cxd5 exd5 26. Qxa5 Nc7 27. exd5 Rxe1+ 28.
Rxe1 Re8 29. Rc1 g3 30. d6 gxf2+ 31. Kxf2 Ng4+ 32. Kg1 Ne6 33. Qc7+ Ka7 34.
Nxe6 Rxe6 35. Rc5 Re1+ 36. Nf1 Rxf1+ 37. Kxf1 Nh2+ 38. Kg1 Nf3+ 39. Kh1 1-0

[Event "Pere Noel"]
[Site "Montreal CAN"]
[Date "2018.12.27"]
[Round "2.16"]
[White "Steinberg, Ellis"]
[Black "Zhe, Jia"]
[Result "1/2-1/2"]
[WhiteElo "1929"]
[BlackElo "1951"]
[PlyCount "93"]
[EventDate "2018.12.26"]
[EventType "swiss"]
[EventRounds "5"]
[EventCountry "CAN"]

1. e4 c5 2. Nf3 d6 3. d4 cxd4 4. Nxd4 Nf6 5. Nc3 a6 6. f3 e5 7. Nb3 Be6 8. Bg5
Nbd7 9. Qd2 Be7 10. O-O-O O-O 11. Kb1 Qc7 12. g4 Rfc8 13. h4 b5 14. h5 b4 15.
Ne2 a5 16. Bxf6 Nxf6 17. g5 Nd7 18. g6 h6 19. gxf7+ Bxf7 20. Ng3 a4 21. Na1 b3
22. a3 bxc2+ 23. Nxc2 Bb3 24. Bd3 Ra5 25. Rc1 Bg5 26. Ne3 Rc5 27. Ngf5 Bxe3 28.
Qxe3 Rxc1+ 29. Rxc1 Qxc1+ 30. Qxc1 Ba2+ 31. Kxa2 Rxc1 32. Nxd6 Nc5 33. Bc4+ Kf8
34. b4 axb3+ 35. Bxb3 Rc3 36. Bd5 Rxf3 37. Nc4 Rf2+ 38. Kb1 Re2 39. Nxe5 Nxe4
40. Ng6+ Ke8 41. Bc6+ Kd8 42. Nf4 Nc3+ 43. Kc1 Rh2 44. Ne6+ Ke7 45. Nxg7 Kf7
46. Nf5 Rxh5 47. Be8+ 1/2-1/2

[Event "Pere Noel"]
[Site "Montreal CAN"]
[Date "2018.12.28"]
[Round "3.1"]
[White "Yu, Zong Yang"]
[Black "Ouellet, Maili-Jade"]
[Result "1/2-1/2"]
[WhiteElo "2454"]
[BlackElo "2247"]
[PlyCount "62"]
[EventDate "2018.12.26"]
[EventType "swiss"]
[EventRounds "5"]
[EventCountry "CAN"]

1. d4 d5 2. Nf3 Nf6 3. c4 e6 4. g3 Be7 5. Bg2 O-O 6. Qc2 c5 7. O-O cxd4 8. Nxd4
Nc6 9. Nxc6 bxc6 10. Rd1 Qb6 11. Be3 Bc5 12. Bxc5 Qxc5 13. Nd2 Ba6 14. Rac1
Rac8 15. a3 Ng4 16. e3 Ne5 17. Qc3 f6 18. Bh3 Qe7 19. b3 dxc4 20. f4 Nd3 21.
Rb1 cxb3 22. Nc4 Bxc4 23. Qxc4 Nc5 24. Rdc1 Rcd8 25. Bf1 Nd7 26. Qxc6 Nb6 27.
Qe4 f5 28. Qb4 Qxb4 29. axb4 Rc8 30. Rxc8 Rxc8 31. Rxb3 Nd5 1/2-1/2

[Event "Pere Noel"]
[Site "Montreal CAN"]
[Date "2018.12.28"]
[Round "3.4"]
[White "Clyde, Jordan"]
[Black "Weston, Paul"]
[Result "1-0"]
[WhiteElo "2248"]
[BlackElo "1876"]
[PlyCount "79"]
[EventDate "2018.12.26"]
[EventType "swiss"]
[EventRounds "5"]
[EventCountry "CAN"]

1. e4 g6 2. h4 h5 3. d4 d6 4. c3 Nf6 5. Bd3 c5 6. dxc5 dxc5 7. e5 Ng4 8. Bb5+
Bd7 9. e6 fxe6 10. Bd3 Rg8 11. Nf3 Nc6 12. Qc2 Nce5 13. Be4 Qc7 14. Nxe5 Qxe5
15. f4 Qf6 16. Bxb7 Rb8 17. Be4 Bh6 18. g3 e5 19. O-O c4 20. Na3 Rc8 21. Bd5
Qb6+ 22. Kg2 Be6 23. Qe4 Qxb2+ 24. Bxb2 Bxd5 25. Rae1 Bxe4+ 26. Rxe4 exf4 27.
gxf4 Bg7 28. Rfe1 Bf6 29. Nxc4 Kf7 30. Ne5+ Bxe5 31. fxe5 Rgd8 32. e6+ Kg8 33.
R1e2 Rd3 34. c4 Rf8 35. Bc1 Rdf3 36. Bg5 Rd3 37. Bxe7 Rff3 38. Bd6 Nf6 39. e7
Ne8 40. c5 1-0

[Event "Pere Noel"]
[Site "Montreal CAN"]
[Date "2018.12.28"]
[Round "3.5"]
[White "Pare, Marc"]
[Black "Tremblay, Alain"]
[Result "1-0"]
[WhiteElo "1980"]
[BlackElo "2111"]
[PlyCount "61"]
[EventDate "2018.12.26"]
[EventType "swiss"]
[EventRounds "5"]
[EventCountry "CAN"]

1. e4 c5 2. c3 Nf6 3. e5 Nd5 4. Nf3 e6 5. d4 cxd4 6. Nxd4 Qc7 7. f4 a6 8. Bd3
d6 9. O-O dxe5 10. fxe5 Nd7 11. Nxe6 fxe6 12. Qh5+ Kd8 13. Bg5+ Be7 14. Re1
Qc5+ 15. Kh1 Bxg5 16. Qxg5+ Qe7 17. Qg3 Nc5 18. Nd2 h6 19. Bc2 Qg5 20. Qf2 Nd7
21. Nf3 Qe7 22. Rad1 Ke8 23. Bg6+ Kd8 24. c4 Nc7 25. Rd6 Rf8 26. Qd2 Rxf3 27.
gxf3 Qg5 28. Qd3 Ke7 29. f4 Qh4 30. Rd1 Nc5 31. Rxe6+ 1-0

[Event "Pere Noel"]
[Site "Montreal CAN"]
[Date "2018.12.28"]
[Round "3.6"]
[White "Richard, Leo"]
[Black "Durette, Francis"]
[Result "1/2-1/2"]
[WhiteElo "1934"]
[BlackElo "2105"]
[PlyCount "131"]
[EventDate "2018.12.26"]
[EventType "swiss"]
[EventRounds "5"]
[EventCountry "CAN"]

1. Nf3 Nf6 2. c4 d6 3. d4 g6 4. g3 Bg7 5. Bg2 O-O 6. O-O Nbd7 7. b3 c5 8. Bb2
cxd4 9. Nxd4 Nc5 10. Nc3 a6 11. Re1 Rb8 12. Rb1 Ne6 13. Nc2 Qa5 14. b4 Qh5 15.
e4 Ng4 16. h4 Ne5 17. Qxh5 gxh5 18. Nd5 Re8 19. Bxe5 Bxe5 20. Nce3 Nd4 21. f4
Bg7 22. Nf5 Nxf5 23. exf5 Bd4+ 24. Kh2 Kf8 25. Rbd1 Bh8 26. Bh3 Bd7 27. f6 e6
28. Nb6 Bc6 29. Rxd6 Bxf6 30. a3 Rbd8 31. Red1 Rxd6 32. Rxd6 Bd8 33. c5 Bxb6
34. cxb6 Ke7 35. Rd2 Be4 36. Re2 f5 37. Bg2 Bxg2 38. Kxg2 Rc8 39. Re3 Rc6 40.
Kf3 Rxb6 41. Rc3 Kd7 42. Rd3+ Kc6 43. Rd8 Kb5 44. Rh8 Ka4 45. Rxh7 Kxa3 46.
Rxh5 Kxb4 47. g4 fxg4+ 48. Kxg4 a5 49. Re5 a4 50. Re4+ Kb3 51. Re3+ Kc2 52. h5
Ra6 53. h6 b5 54. h7 Ra8 55. Rxe6 Rh8 56. Rb6 Rxh7 57. Rxb5 Ra7 58. Rc5+ Kb2
59. Rb5+ Kc3 60. Rc5+ Kb3 61. Rb5+ Kc4 62. Rb1 a3 63. f5 a2 64. Ra1 Kb3 65. f6
Kb2 66. Rxa2+ 1/2-1/2

[Event "Pere Noel"]
[Site "Montreal CAN"]
[Date "2018.12.28"]
[Round "3.7"]
[White "Chang, Alexander RZ"]
[Black "Huang, Qiuyu"]
[Result "0-1"]
[WhiteElo "1918"]
[BlackElo "2224"]
[PlyCount "88"]
[EventDate "2018.12.26"]
[EventType "swiss"]
[EventRounds "5"]
[EventCountry "CAN"]

1. e4 c5 2. Nf3 Nc6 3. d4 cxd4 4. Nxd4 e5 5. Nb5 d6 6. N1c3 a6 7. Na3 b5 8. Nd5
Nge7 9. c4 Nd4 10. Be3 Nxd5 11. cxd5 Be7 12. Be2 Nxe2 13. Qxe2 O-O 14. O-O f5
15. f3 Qe8 16. Nc2 f4 17. Bf2 Qh5 18. Nb4 Rf6 19. Nc6 Bf8 20. Rac1 Rh6 21. h4
g5 22. Kh2 g4 23. fxg4 Bxg4 24. Qd2 Bg7 25. g3 Bf6 26. Qe1 Bg5 27. Rc3 Rf8 28.
Rg1 Kh8 29. Kg2 fxg3 30. Bxg3 Bf3+ 31. Kh2 Qg4 32. Bxe5+ dxe5 33. Rxg4 Bxg4 34.
Kg2 Bxh4 35. Qe3 Rhf6 36. Rc2 Rf3 37. Qh6 Rg3+ 38. Kh2 Rh3+ 39. Kg2 Rff3 40.
Nxe5 Rfg3+ 41. Kf1 Rh1+ 42. Kf2 Rh2+ 43. Kf1 Bh3+ 44. Ke1 Rg1# 0-1

[Event "Pere Noel"]
[Site "Montreal CAN"]
[Date "2018.12.28"]
[Round "3.8"]
[White "Latreche, Sabrina"]
[Black "Page, Dany"]
[Result "1-0"]
[WhiteElo "2183"]
[BlackElo "1684"]
[PlyCount "75"]
[EventDate "2018.12.26"]
[EventType "swiss"]
[EventRounds "5"]
[EventCountry "CAN"]

1. e4 c5 2. Nf3 d6 3. Bb5+ Nd7 4. a4 a6 5. Bc4 Ngf6 6. Nc3 e6 7. d3 Be7 8. a5
Nb8 9. Bd2 Nc6 10. Ne2 d5 11. exd5 exd5 12. Bb3 O-O 13. h3 Bd6 14. Bg5 Be7 15.
Qd2 Re8 16. O-O h6 17. Bf4 Bd6 18. Rfe1 Bf5 19. Ba4 Qc7 20. Bxc6 Qxc6 21. Ng3
Bh7 22. Bxd6 Qxd6 23. Ra3 Rxe1+ 24. Nxe1 Re8 25. Rb3 Qc6 26. Nf3 Bg6 27. Rb6
Qc7 28. Nh4 Nd7 29. Rb3 Bh7 30. Nhf5 Re5 31. Ne3 Nf6 32. d4 cxd4 33. Qxd4 Re6
34. Nxd5 Qxa5 35. Nxf6+ gxf6 36. Rxb7 Bxc2 37. Qd7 Bg6 38. Rb8+ 1-0

[Event "Pere Noel"]
[Site "Montreal CAN"]
[Date "2018.12.28"]
[Round "3.9"]
[White "Guipi Bopala, Prince Eric jr"]
[Black "Saha, Ananda"]
[Result "0-1"]
[WhiteElo "1797"]
[BlackElo "2179"]
[PlyCount "144"]
[EventDate "2018.12.26"]
[EventType "swiss"]
[EventRounds "5"]
[EventCountry "CAN"]

1. d4 d5 2. Bf4 Nf6 3. e3 c6 4. Bd3 Bg4 5. Nf3 e6 6. Nbd2 Be7 7. h3 Bh5 8. c3
Nbd7 9. O-O O-O 10. Qc2 c5 11. Rfe1 c4 12. Be2 Bg6 13. Qc1 b5 14. a3 a5 15. Bd1
Qb6 16. Bc2 b4 17. Bxg6 hxg6 18. Qb1 Nh5 19. Bh2 Bd6 20. Bxd6 Qxd6 21. axb4
axb4 22. b3 cxb3 23. Qxb3 Rab8 24. Reb1 bxc3 25. Qxc3 Rfc8 26. Qd3 Rxb1+ 27.
Rxb1 Qc7 28. Qb5 Nhf6 29. Qb7 Qc2 30. Qb3 Qxb3 31. Rxb3 Rc7 32. Rb1 Kf8 33. Kf1
Ke7 34. Ke2 Ne8 35. Ne1 Nd6 36. Nd3 Nc4 37. Rc1 Ndb6 38. Ne5 Kd6 39. Ndxc4+
dxc4 40. e4 f6 41. Nxg6 Ra7 42. Rc2 Ra3 43. Nh4 Kc6 44. Nf3 Kb5 45. Rb2+ Rb3
46. Rxb3+ cxb3 47. Nd2 Kb4 48. Kd3 Ka3 49. f4 b2 50. Kc2 Ka2 51. Nb1 Nc4 52.
Nc3+ Ka1 53. g4 Na3+ 54. Kb3 Nb5 55. Nxb5 b1=Q+ 56. Kc4 Qxe4 57. f5 Qd5+ 58.
Kb4 exf5 59. gxf5 Qxf5 60. Kc4 Qf1+ 61. Kc5 Qf5+ 62. d5 Kb2 63. Kc6 Qc2+ 64.
Kb6 Qf2+ 65. Kc6 Qg2 66. Nc7 f5 67. Kd6 f4 68. Ke7 Qe4+ 69. Kd7 f3 70. d6 f2
71. Kc8 f1=Q 72. d7 Qxh3 0-1

[Event "Pere Noel"]
[Site "Montreal CAN"]
[Date "2018.12.28"]
[Round "3.10"]
[White "Li, Yi Lin"]
[Black "Craciun, David"]
[Result "1-0"]
[WhiteElo "2068"]
[BlackElo "1955"]
[PlyCount "81"]
[EventDate "2018.12.26"]
[EventType "swiss"]
[EventRounds "5"]
[EventCountry "CAN"]

1. e4 e5 2. Nf3 Nc6 3. Bb5 a6 4. Ba4 Nf6 5. O-O Be7 6. Re1 b5 7. Bb3 O-O 8. c3
d5 9. d3 Bb7 10. Nbd2 Re8 11. exd5 Nxd5 12. Nxe5 Nxe5 13. Rxe5 Nf4 14. Rf5 Ne6
15. Ne4 c5 16. Bxe6 fxe6 17. Re5 Rf8 18. Be3 Rf5 19. Rxf5 exf5 20. Nxc5 Bd5 21.
Qh5 g5 22. f4 Bf7 23. Qe2 Qc7 24. d4 Re8 25. Qf3 g4 26. Qf2 Qc6 27. Nd3 Bd5 28.
Ne5 Qe6 29. a4 Qb6 30. Qc2 Be6 31. Bf2 Qb7 32. axb5 axb5 33. b3 Qc8 34. c4 bxc4
35. bxc4 Bf6 36. Rc1 Qc7 37. d5 Bc8 38. Bd4 Bb7 39. Qxf5 Bxe5 40. Bxe5 Qc5+ 41.
Kh1 1-0

[Event "Pere Noel"]
[Site "Montreal CAN"]
[Date "2018.12.28"]
[Round "3.11"]
[White "Jean, Robert"]
[Black "Vallieres, Mario"]
[Result "0-1"]
[WhiteElo "1726"]
[BlackElo "2023"]
[PlyCount "88"]
[EventDate "2018.12.26"]
[EventType "swiss"]
[EventRounds "5"]
[EventCountry "CAN"]

1. d4 f5 2. Bg5 Nf6 3. Bxf6 exf6 4. e3 d5 5. c4 c6 6. cxd5 cxd5 7. Nc3 Bb4 8.
Qb3 Qa5 9. Bd3 O-O 10. Nge2 Nc6 11. O-O Rd8 12. a3 Bxc3 13. Nxc3 Ne7 14. Rac1
Kh8 15. Qa2 Qb6 16. Ne2 Qd6 17. b4 Be6 18. Qb1 g6 19. a4 Nc6 20. b5 Nb4 21. h3
Rac8 22. Nf4 Nxd3 23. Qxd3 Bf7 24. Rxc8 Rxc8 25. Qb3 Rc4 26. Nd3 Qc7 27. Rd1
Kg7 28. Qa3 Rc3 29. Qa1 Qc4 30. Rc1 Rxc1+ 31. Nxc1 Qc2 32. Qa3 Qd1+ 33. Kh2 Qd2
34. Kg1 Qe1+ 35. Kh2 Qxf2 36. Qc3 g5 37. a5 g4 38. hxg4 fxg4 39. Qc7 Qxe3 40.
b6 axb6 41. axb6 h5 42. Qxb7 g3+ 43. Kh3 Qf4 44. Qd7 f5 0-1

[Event "Pere Noel"]
[Site "Montreal CAN"]
[Date "2018.12.28"]
[Round "3.12"]
[White "Abdelaal, Ibrahim"]
[Black "Goldner, John"]
[Result "1-0"]
[WhiteElo "2018"]
[BlackElo "1672"]
[PlyCount "135"]
[EventDate "2018.12.26"]
[EventType "swiss"]
[EventRounds "5"]
[EventCountry "CAN"]

1. e4 e5 2. Nf3 Nc6 3. Bc4 Nf6 4. d4 exd4 5. O-O Nxe4 6. Re1 d5 7. Bxd5 Qxd5 8.
Nc3 Qa5 9. Nxe4 Be6 10. Neg5 O-O-O 11. Nxe6 fxe6 12. Rxe6 Bd6 13. Re4 Rhe8 14.
Qe2 Qh5 15. h3 Rxe4 16. Qxe4 Re8 17. Qg4+ Qxg4 18. hxg4 Nb4 19. c3 Nc2 20. Rb1
dxc3 21. bxc3 Na3 22. Bxa3 Bxa3 23. Re1 Rxe1+ 24. Nxe1 Kd7 25. Kf1 Bb2 26. c4
g5 27. Ke2 Bd4 28. Nf3 Bf6 29. Kd3 c5 30. Nd2 Bd4 31. Ne4 h6 32. g3 Ke6 33. f4
gxf4 34. gxf4 b6 35. Ng3 Bf6 36. a4 a5 37. Ke4 Be7 38. Nf5 Bf8 39. Ne3 Be7 40.
Nd5 Bd8 41. Ne3 Be7 42. f5+ Kd6 43. f6 Bxf6 44. Nf5+ Ke6 45. Nxh6 Bg5 46. Nf5
Bc1 47. Nh4 Bd2 48. Nf3 Bh6 49. Ne5 Bg7 50. Ng6 Bh6 51. Nf4+ Kd6 52. Nd5 Kc6
53. Kf5 b5 54. axb5+ Kb7 55. g5 Bg7 56. Ne3 a4 57. Nc2 Bb2 58. g6 Kb6 59. Ke6
Kc7 60. Kf7 Kb6 61. g7 Bxg7 62. Kxg7 Ka5 63. Kf6 a3 64. Nxa3 Kb4 65. b6 Kxa3
66. b7 Kb3 67. b8=Q+ Kxc4 68. Qb1 1-0

[Event "Pere Noel"]
[Site "Montreal CAN"]
[Date "2018.12.28"]
[Round "3.13"]
[White "Steinberg, Ellis"]
[Black "Voskanyan, Vahagn"]
[Result "0-1"]
[WhiteElo "1929"]
[BlackElo "2304"]
[PlyCount "128"]
[EventDate "2018.12.26"]
[EventType "swiss"]
[EventRounds "5"]
[EventCountry "CAN"]

1. e4 c6 2. d4 d5 3. exd5 cxd5 4. Bd3 Nc6 5. c3 g6 6. Bf4 Nh6 7. Nf3 Qb6 8. Qb3
Qxb3 9. axb3 Bf5 10. Bb5 Bd7 11. Nbd2 Nf5 12. O-O e6 13. Ra2 f6 14. Rfa1 a6 15.
b4 Rc8 16. Bd3 Bd6 17. Bxd6 Nxd6 18. Nb3 Kd8 19. Nc5 Re8 20. Nd2 e5 21. Nxd7
Kxd7 22. dxe5 Rxe5 23. Kf1 Rce8 24. Nb3 Kc7 25. Rd1 f5 26. Raa1 f4 27. Rac1 Rh5
28. Kg1 Re7 29. Bf1 Rhe5 30. Nd4 Kb6 31. Nxc6 Kxc6 32. Rd4 Re1 33. Rdd1 Rxd1
34. Rxd1 g5 35. g3 f3 36. h3 h5 37. Rd3 g4 38. hxg4 hxg4 39. Rd4 Re1 40. Rxg4
Ne4 41. Rg6+ Kd7 42. Rg7+ Ke8 43. g4 Nd2 44. Kh2 Rxf1 45. Kg3 Ne4+ 46. Kxf3
Rxf2+ 47. Ke3 Rxb2 48. Rxb7 Nxc3 49. g5 Nb5 50. g6 Kf8 51. Kf4 Rxb4+ 52. Kg5
Rb1 53. Rb8+ Ke7 54. Rb7+ Ke6 55. Rb6+ Ke5 56. Kh6 Rh1+ 57. Kg7 Nc7 58. Kf7
Rf1+ 59. Ke7 Rg1 60. Rc6 d4 61. Rc5+ Nd5+ 62. Kf7 d3 63. g7 Rxg7+ 64. Kxg7 d2
0-1

[Event "Pere Noel"]
[Site "Montreal CAN"]
[Date "2018.12.28"]
[Round "3.14"]
[White "Ghanbari, Nader Hadji"]
[Black "Mahdjoubi, Abdelaziz"]
[Result "1-0"]
[WhiteElo "1969"]
[BlackElo "1885"]
[PlyCount "103"]
[EventDate "2018.12.26"]
[EventType "swiss"]
[EventRounds "5"]
[EventCountry "CAN"]

1. c4 Nf6 2. Nc3 g6 3. g3 Bg7 4. Bg2 d6 5. e3 Nc6 6. Nge2 Be6 7. Nd5 Ne5 8.
Nef4 Bxd5 9. cxd5 g5 10. d4 gxf4 11. dxe5 dxe5 12. exf4 e4 13. Qb3 Qxd5 14.
Qxd5 Nxd5 15. Bxe4 O-O-O 16. Ke2 b5 17. Rb1 Nb4 18. Bd2 Rd4 19. Bf5+ e6 20. Bh3
Rhd8 21. Bc3 Re4+ 22. Kf3 Bxc3 23. Kxe4 Rd4+ 24. Kf3 Rd3+ 25. Kg2 Bd4 26. Rhd1
Rxd1 27. Rxd1 Bxb2 28. f5 e5 29. f6+ Kb7 30. Rb1 Bc3 31. Rb3 Nxa2 32. Be6 Kc6
33. Bxf7 e4 34. Ra3 Bxf6 35. Rxa2 Kb6 36. Kf1 a5 37. Ke2 Bd4 38. h4 c5 39. Bd5
c4 40. g4 Bc3 41. g5 Kc5 42. Bxe4 Kb4 43. f4 Kb3 44. Bb1 a4 45. f5 a3 46. Rc2
Bd4 47. Kd1 c3 48. f6 b4 49. f7 Bg7 50. Rf2 Bf8 51. Ba2+ Ka4 52. Rf5 1-0

[Event "Pere Noel"]
[Site "Montreal CAN"]
[Date "2018.12.28"]
[Round "3.15"]
[White "Zhe, Jia"]
[Black "Gagnon, Serge"]
[Result "1/2-1/2"]
[WhiteElo "1951"]
[BlackElo "1961"]
[PlyCount "79"]
[EventDate "2018.12.26"]
[EventType "swiss"]
[EventRounds "5"]
[EventCountry "CAN"]

1. d4 d6 2. c4 e5 3. dxe5 dxe5 4. Qxd8+ Kxd8 5. Bd2 Be6 6. e3 c6 7. Nc3 Kc7 8.
O-O-O Nd7 9. e4 f6 10. Be3 Nh6 11. f3 Nf7 12. Kc2 Nd8 13. Nh3 Bxh3 14. gxh3 Ne6
15. h4 Bc5 16. Bxc5 Ndxc5 17. Ne2 a5 18. Bh3 Rad8 19. Bxe6 Nxe6 20. Kc3 Rxd1
21. Rxd1 Rd8 22. Rxd8 Kxd8 23. a3 b6 24. Kd2 Ke7 25. Ke3 Kd6 26. b4 g6 27. Kd3
axb4 28. axb4 c5 29. b5 Nd4 30. Ke3 Nc2+ 31. Kd2 Nd4 32. Ke3 Nxe2 33. Kxe2 Ke6
34. Kf2 f5 35. Kg3 Kf6 36. Kg2 Kg7 37. Kg3 Kf6 38. Kg2 g5 39. hxg5+ Kxg5 40.
Kg3 1/2-1/2

[Event "Pere Noel"]
[Site "Montreal CAN"]
[Date "2018.12.29"]
[Round "4.3"]
[White "Pare, Marc"]
[Black "Clyde, Jordan"]
[Result "0-1"]
[WhiteElo "1980"]
[BlackElo "2248"]
[PlyCount "60"]
[EventDate "2018.12.26"]
[EventType "swiss"]
[EventRounds "5"]
[EventCountry "CAN"]

1. e4 Nf6 2. d3 e5 3. f4 d5 4. fxe5 Ng4 5. exd5 Qxd5 6. Nf3 c5 7. Nc3 Qe6 8.
Qe2 Be7 9. h3 Nh6 10. Bxh6 Qxh6 11. Nd5 Bd8 12. Qe3 Qc6 13. Nc3 Na6 14. a3 O-O
15. O-O-O b5 16. d4 b4 17. Qe4 Qh6+ 18. Kb1 bxc3 19. Bxa6 Qb6 20. b3 Qxa6 21.
Ka2 c4 22. d5 cxb3+ 23. cxb3 Bf5 24. Qc4 Qxc4 25. bxc4 c2 26. Rc1 Bb6 27. Ne1
Be3 28. Rxc2 Bxc2 29. Nxc2 Bf4 30. Re1 Rfe8 0-1

[Event "Pere Noel"]
[Site "Montreal CAN"]
[Date "2018.12.29"]
[Round "4.4"]
[White "Durette, Francis"]
[Black "Beaulieu, Eric"]
[Result "1-0"]
[WhiteElo "2105"]
[BlackElo "2244"]
[PlyCount "73"]
[EventDate "2018.12.26"]
[EventType "swiss"]
[EventRounds "5"]
[EventCountry "CAN"]

1. d4 Nf6 2. Nf3 d5 3. c4 e6 4. g3 dxc4 5. Bg2 Nc6 6. O-O a6 7. a4 Rb8 8. a5
Bb4 9. Qa4 Bd7 10. Ne5 Nxe5 11. Qxb4 Ng6 12. Nc3 Ne7 13. e4 O-O 14. Qxc4 Bb5
15. Nxb5 axb5 16. Qc3 Nc6 17. Be3 Ng4 18. Qc5 Qd6 19. Qc3 Nxe3 20. fxe3 e5 21.
d5 Nb4 22. Rf5 f6 23. Qb3 Kh8 24. Bh3 Ra8 25. Rff1 g6 26. Be6 Kg7 27. g4 g5 28.
h3 Ra6 29. Rfd1 Re8 30. Kf2 Rea8 31. Rac1 b6 32. Rc6 bxa5 33. Rxd6 Rxd6 34. Qc3
Ra7 35. Qc5 Rb7 36. Bc8 Na6 37. Qxd6 1-0

[Event "Pere Noel"]
[Site "Montreal CAN"]
[Date "2018.12.29"]
[Round "4.5"]
[White "Huang, Qiuyu"]
[Black "Li, Yi Lin"]
[Result "1-0"]
[WhiteElo "2224"]
[BlackElo "2068"]
[PlyCount "121"]
[EventDate "2018.12.26"]
[EventType "swiss"]
[EventRounds "5"]
[EventCountry "CAN"]

1. e4 c5 2. Nf3 Nc6 3. d4 cxd4 4. Nxd4 e5 5. Nb5 d6 6. c4 a6 7. N5c3 f5 8. g3
Nf6 9. Bg2 Be6 10. Na3 Be7 11. O-O O-O 12. exf5 Bxf5 13. Nc2 Qd7 14. Ne3 Bh3
15. Ned5 Bd8 16. Be3 Bxg2 17. Nxf6+ Rxf6 18. Kxg2 Na5 19. Qd5+ Qf7 20. b3 Rb8
21. Rfd1 Qxd5+ 22. Rxd5 Bc7 23. Rad1 Re6 24. Ne4 Nc6 25. Nxd6 Nb4 26. R5d2 Nxa2
27. Nf5 Nc3 28. Rc1 Ba5 29. Rd7 g6 30. Nh6+ Kh8 31. Nf7+ Kg8 32. Ng5 Rc6 33.
Ba7 Rf8 34. Rxb7 h6 35. Nf3 Re6 36. Bc5 Rf7 37. Rb8+ Kh7 38. b4 Ne4 39. Be3 Bc7
40. Ra8 Ref6 41. Ng1 Nxf2 42. Rf1 Ng4 43. Rxf6 Nxe3+ 44. Kf3 Rxf6+ 45. Kxe3 Kg7
46. Ra7 Rc6 47. b5 axb5 48. cxb5 Rb6 49. Rxc7+ Kf8 50. Rc5 Ke7 51. Rxe5+ Kd6
52. Nf3 Rb8 53. Ke4 Rf8 54. Rd5+ Kc7 55. Ne5 Re8 56. Kd4 Re6 57. Kc5 Kc8 58. b6
Kb7 59. Rd7+ Kb8 60. Nc6+ Kc8 61. Rc7# 1-0

[Event "Pere Noel"]
[Site "Montreal CAN"]
[Date "2018.12.29"]
[Round "4.6"]
[White "Vallieres, Mario"]
[Black "Latreche, Sabrina"]
[Result "0-1"]
[WhiteElo "2023"]
[BlackElo "2183"]
[PlyCount "78"]
[EventDate "2018.12.26"]
[EventType "swiss"]
[EventRounds "5"]
[EventCountry "CAN"]

1. d4 f5 2. Bg5 d5 3. e3 Nd7 4. c4 c6 5. Nc3 Qa5 6. Qc2 e6 7. Bd3 dxc4 8. Bxc4
Nb6 9. Bb3 Nd5 10. Nge2 Bd6 11. Bh4 Ngf6 12. Bg3 Bxg3 13. Nxg3 Nb4 14. Qd2 Qa6
15. O-O-O Nfd5 16. Nxd5 Nxd5 17. e4 fxe4 18. Nxe4 O-O 19. Rhe1 b6 20. Qg5 Bd7
21. Kb1 Rf5 22. Qg3 Raf8 23. Qd6 Qb7 24. Rd3 Bc8 25. Rg3 Qd7 26. Qa3 Nf4 27.
Qb4 c5 28. dxc5 Nd3 29. Rxd3 Qxd3+ 30. Bc2 Qd8 31. c6 Qc7 32. h4 h6 33. Qc4 Re5
34. Qc3 Ba6 35. Qg3 Rf7 36. Bb3 Rxe4 37. Rxe4 Qxg3 38. fxg3 Bd3+ 39. Bc2 Rf1+
0-1

[Event "Pere Noel"]
[Site "Montreal CAN"]
[Date "2018.12.29"]
[Round "4.7"]
[White "Saha, Ananda"]
[Black "Abdelaal, Ibrahim"]
[Result "1-0"]
[WhiteElo "2179"]
[BlackElo "2018"]
[PlyCount "73"]
[EventDate "2018.12.26"]
[EventType "swiss"]
[EventRounds "5"]
[EventCountry "CAN"]

1. Nf3 b5 2. d4 Bb7 3. Bf4 Nf6 4. e3 a6 5. Nbd2 e6 6. c3 c5 7. Bd3 cxd4 8. exd4
Be7 9. O-O O-O 10. Qe2 d6 11. h3 Nbd7 12. a4 b4 13. c4 Qa5 14. Rfe1 Qh5 15. a5
Rfe8 16. Be3 e5 17. d5 Bf8 18. Qf1 e4 19. g4 Nxg4 20. Nxe4 Nge5 21. Nxe5 Nxe5
22. Be2 Nf3+ 23. Bxf3 Qxf3 24. Ng5 Qf5 25. Qg2 h6 26. Nf3 Bc8 27. Bxh6 Rxe1+
28. Rxe1 Qh5 29. Bd2 Bxh3 30. Qg3 Rc8 31. b3 g6 32. Re4 Qf5 33. Ng5 Bh6 34. Rh4
Qb1+ 35. Kh2 Bg7 36. Qxh3 Re8 37. Rh8+ 1-0

[Event "Pere Noel"]
[Site "Montreal CAN"]
[Date "2018.12.29"]
[Round "4.9"]
[White "Zheng, Richard"]
[Black "Ghanbari, Nader Hadji"]
[Result "1-0"]
[WhiteElo "2052"]
[BlackElo "1969"]
[PlyCount "111"]
[EventDate "2018.12.26"]
[EventType "swiss"]
[EventRounds "5"]
[EventCountry "CAN"]

1. d4 Nf6 2. c4 e6 3. Nc3 Bb4 4. Qc2 O-O 5. Bg5 c5 6. e3 h6 7. Bh4 d5 8. Nf3 g5
9. Bg3 Ne4 10. Bd3 f5 11. cxd5 exd5 12. Bxb8 Rxb8 13. a3 Ba5 14. O-O Nxc3 15.
bxc3 c4 16. Be2 Bc7 17. g3 Qf6 18. Kh1 Bd7 19. Rg1 Rbe8 20. Bf1 Kh8 21. Bg2 Qf7
22. Rad1 Re7 23. Qd2 Ba4 24. Rde1 Bc6 25. Re2 Qf6 26. Rge1 Rd8 27. Ng1 Be8 28.
f3 Bh5 29. Rf2 Rf7 30. Nh3 Qe7 31. a4 Qd7 32. Qc2 Rf6 33. e4 Bg6 34. e5 Ra6 35.
Qb2 Rb6 36. Qa1 Be8 37. Ra2 Ra6 38. a5 Qe6 39. f4 g4 40. Nf2 Bc6 41. Nd1 Ra8
42. Ne3 b6 43. axb6 Rxa2 44. Qxa2 axb6 45. Qc2 Rf8 46. Ra1 h5 47. Ra7 Bb8 48.
Ra6 Bb7 49. Ra1 Kg7 50. Nxc4 h4 51. Ne3 h3 52. Bf1 Bc6 53. Bd3 Bxe5 54. Nxf5+
Rxf5 55. Bxf5 Qh6 56. fxe5 1-0